000 00745nam a2200205Ia 4500
003 GCL
008 140319s9999 xx 000 0 ara d
020 _a1655683977
040 _aGCL /
_cGCL
082 0 4 _a004.56
_bب م \\=aابراهيم ابراهيم خليفةv
245 1 0 _aمحطة الاقراص المليزرة الانشاء و التجديد
700 1 _aبرادلى ، فل
250 _aالاولى
260 _aالقاهرة :
_bمركز الاسكندرية للوسائط الثقافية والمكتبات ،
_c2003
300 _a82 ص ؛
_c25 سم
650 0 4 _aالحاسبات الالكترونية - تصميم
650 0 4 _aالاقراص المليزرة
650 0 4 _aالإنترنت
942 _2ddc
_cBK
999 _c6030
_d6030